000 00214nam a2200097Ia 4500
008 240625s9999 xx 000 0 und d
041 _aeng
100 _aP C QUEST
245 _aP C QUEST J2SE 5 0 JDK
260 _c2005
999 _c33372
_d33372